[Event "COL-chT 21st"]
[Site "Cartagena"]
[Date "2019.11.30"]
[Round "3.3"]
[White "Bolanos Calvache, Brigeth Vanessa"]
[Black "Montenegro, Heidy"]
[Result "1-0"]
[WhiteElo "1668"]
[BlackElo "1646"]
[PlyCount "105"]
[EventDate "2019.11.30"]
[EventType "team-swiss"]
[EventRounds "9"]
[EventCountry "COL"]
[SourceTitle "CBM 195 Extra"]
[Source "ChessBase"]
[SourceDate "2020.05.31"]
[SourceVersion "1"]
[SourceVersionDate "2020.05.31"]
[SourceQuality "1"]
[WhiteTeam "Cauca"]
[BlackTeam "Meta"]
[WhiteTeamCountry "COL"]
[BlackTeamCountry "COL"]

1. e4 e6 2. Nf3 d5 3. d3 dxe4 4. dxe4 Qxd1+ 5. Kxd1 Nc6 6. Bb5 Bd7 7. Nc3 0-0-0 8. Ke2 a6 9. Ba4 Nf6 10. Bg5 Be7 11. Rad1 Rhe8 12. a3 Na7 13. Bxd7+ Rxd7 14. Rxd7 Nxd7 15. Bxe7 Rxe7 16. Rd1 f6 17. Nd4 Nb6 18. b3 g6 19. Ke3 e5 20. Nde2 Rd7 21. Rxd7 Kxd7 22. Nd5 Nxd5+ 23. exd5 Kd6 24. c4 Nc8 25. Ng3 f5 26. Ne2 Ne7 27. f3 c6 28. dxc6 Nxc6 29. b4 b6 30. Nc3 Ne7 31. Na4 Kc6 32. h3 h6 33. g3 g5 34. Nc3 Kd6 35. Nd1 Nc6 36. Nf2 Nd4 37. Nd3 Nc2+ 38. Kd2 Nxa3 39. Kc3 b5 40. c5+ Kd5 41. Kb3 Nc4 42. Ne1 Nd2+ 43. Kc3 Nf1 44. g4 fxg4 45. hxg4 Ng3 46. Kd3 h5 47. Ke3 Kc4 48. c6 h4 49. c7 Kxb4 50. c8Q h3 51. Qh8 Nf1+ 52. Kf2 Nd2 53. Qxh3 1-0

[Event "COL-chT 21st"]
[Site "Cartagena"]
[Date "2019.11.30"]
[Round "5.3"]
[White "Medina Barrios, Lina Maria"]
[Black "Montenegro, Heidy"]
[Result "1-0"]
[WhiteElo "1469"]
[BlackElo "1646"]
[PlyCount "75"]
[EventDate "2019.11.30"]
[EventType "team-swiss"]
[EventRounds "9"]
[EventCountry "COL"]
[SourceTitle "CBM 195 Extra"]
[Source "ChessBase"]
[SourceDate "2020.05.31"]
[SourceVersion "1"]
[SourceVersionDate "2020.05.31"]
[SourceQuality "1"]
[WhiteTeam "Tolima"]
[BlackTeam "Meta"]
[WhiteTeamCountry "COL"]
[BlackTeamCountry "COL"]

1. d4 d5 2. Bg5 Nc6 3. e3 h6 4. Bh4 Bf5 5. Bd3 Qd7 6. Nf3 0-0-0 7. Nc3 a6 8. Qd2 f6 9. Bg3 g5 10. 0-0-0 Bxd3 11. Qxd3 Bg7 12. Na4 e5 13. dxe5 fxe5 14. Nc5 Qe7 15. Qf5+ Kb8 16. Ne6 Rd7 17. Nxg7 Qxg7 18. Nxe5 Re7 19. Ng6 Rf7 20. Qd3 Rh7 21. h4 Nge7 22. Nxe7 Nxe7 23. Rhe1 Kc8 24. e4 c6 25. exd5 Nxd5 26. Re8+ Kd7 27. Re5 b5 28. Rxd5+ cxd5 29. Qxd5+ Ke8 30. Re1+ Re7 31. Qc6+ Kf7 32. Qf3+ Kg8 33. Qd5+ Kh8 34. Be5 Rxe5 35. Rxe5 gxh4 36. Re8+ Qf8 37. Rxf8+ Kg7 38. Qf7# 1-0

[Event "COL-chT rapid (Women)"]
[Site "Cartagena"]
[Date "2019.11.29"]
[Round "4.1"]
[White "Montenegro, Heidy"]
[Black "Ocampo Betancur, Cristina Angela"]
[Result "0-1"]
[WhiteElo "1828"]
[BlackElo "2000"]
[PlyCount "58"]
[EventDate "2019.11.29"]
[EventType "team-swiss"]
[EventRounds "7"]
[EventCountry "COL"]
[SourceTitle "CBM 193 Extra"]
[Source "ChessBase"]
[SourceDate "2020.01.31"]
[SourceVersion "1"]
[SourceVersionDate "2020.01.31"]
[SourceQuality "1"]
[WhiteTeam "Meta (W)"]
[BlackTeam "Risaralda (W)"]
[WhiteTeamCountry "COL"]
[BlackTeamCountry "COL"]

1. d4 Nf6 2. Bg5 d5 3. Bxf6 exf6 4. g3 Bd6 5. Bg2 c6 6. e3 0-0 7. c3 Bf5 8. b4 Qb6 9. a4 a5 10. bxa5 Qb2 11. Nd2 Qxc3 12. Ne2 Qxa5 13. 0-0 Nd7 14. Qc1 Nb6 15. Nc3 Bb4 16. Ndb1 Rfe8 17. Bf3 Nc4 18. Rd1 Bg6 19. Be2 Nd6 20. f3 Re7 21. Bd3 f5 22. Re1 Rae8 23. Kf2 f4 24. Bxg6 fxe3+ 25. Kg2 hxg6 26. Re2 Nf5 27. Nd1 Nxd4 28. Rxe3 Rxe3 29. Nxe3 Nb3 0-1

[Event "COL-chT (Women)"]
[Site "Cartagena"]
[Date "2019.11.26"]
[Round "4.2"]
[White "Montenegro, Heidy"]
[Black "Rojas Castillo, Andrea Lizeth"]
[Result "1/2-1/2"]
[WhiteElo "1675"]
[BlackElo "1659"]
[PlyCount "112"]
[EventDate "2019.11.24"]
[EventType "team-swiss"]
[EventRounds "7"]
[EventCountry "COL"]
[SourceTitle "CBM 193 Extra"]
[Source "ChessBase"]
[SourceDate "2020.01.31"]
[SourceVersion "1"]
[SourceVersionDate "2020.01.31"]
[SourceQuality "1"]
[WhiteTeam "Meta (W)"]
[BlackTeam "Boyaca (W)"]
[WhiteTeamCountry "COL"]
[BlackTeamCountry "COL"]

1. d4 Nf6 2. Nf3 c5 3. e3 g6 4. Nbd2 Bg7 5. c4 b6 6. g3 Bb7 7. Bg2 Nc6 8. 0-0 d6 9. Qe2 0-0 10. d5 Nb8 11. Rb1 Re8 12. b3 Ba6 13. e4 Nbd7 14. Bb2 Rb8 15. e5 dxe5 16. Nxe5 Nxe5 17. Bxe5 Rc8 18. Rbd1 Nxd5 19. Bxg7 Kxg7 20. Ne4 e6 21. Qb2+ f6 22. Rfe1 Qe7 23. cxd5 exd5 24. Qxf6+ Qxf6 25. Nxf6 Kxf6 26. Bxd5 Rcd8 27. Rxe8 Rxe8 28. Rc1 Re2 29. a4 Rd2 30. Be4 Bd3 31. Bd5 Bf5 32. Bc4 Be6 33. Bxe6 Kxe6 34. Rc3 Rd5 35. Kf1 a6 36. Ke2 Kd6 37. f4 Rh5 38. h4 Rd5 39. Re3 Kd7 40. Rd3 Ke6 41. g4 b5 42. axb5 axb5 43. Re3+ Kf6 44. Kf3 Rd1 45. Re5 Rd3+ 46. Re3 Rxe3+ 47. Kxe3 Ke6 48. Ke4 h6 49. Ke3 Kd5 50. h5 gxh5 51. gxh5 c4 52. bxc4+ bxc4 53. Kd2 Ke4 54. Kc3 Kxf4 55. Kxc4 Kg4 56. Kd3 Kxh5 1/2-1/2

[Event "COL-ch U1800"]
[Site "Villamaria"]
[Date "2019.11.04"]
[Round "6"]
[White "Arguelles Ochoa, Julio Cesar"]
[Black "Montenegro, Heidy"]
[Result "1-0"]
[WhiteElo "1424"]
[BlackElo "1675"]
[PlyCount "47"]
[EventDate "2019.11.01"]
[EventType "swiss"]
[EventRounds "7"]
[EventCountry "COL"]
[SourceTitle "CBM 193 Extra"]
[Source "ChessBase"]
[SourceDate "2020.01.31"]
[SourceVersion "1"]
[SourceVersionDate "2020.01.31"]
[SourceQuality "1"]

1. e4 g6 2. d4 Bg7 3. g3 d6 4. Bg2 Nf6 5. Nc3 0-0 6. Nf3 Bg4 7. h3 Bxf3 8. Bxf3 e5 9. Be3 Nbd7 10. 0-0 a6 11. Qe2 Qe7 12. Rad1 exd4 13. Bxd4 Ne5 14. Bg2 Nc6 15. Be3 Rfe8 16. f3 Qf8 17. Qd2 Ne5 18. b3 Rad8 19. g4 Rd7 20. f4 Nc6 21. Bf3 h6 22. Rfe1 Nh7 23. Nd5 Ne7 24. Qb4 1-0

[Event "COL-ch sf1"]
[Site "Medellin"]
[Date "2019.04.17"]
[Round "2"]
[White "Valderrama Quiceno, Esteban Alberto"]
[Black "Montenegro, Heidy"]
[Result "1-0"]
[WhiteElo "2447"]
[BlackElo "1684"]
[PlyCount "87"]
[EventDate "2019.04.16"]
[EventType "swiss"]
[EventRounds "10"]
[EventCountry "COL"]
[SourceTitle "CBM 190 Extra"]
[Source "ChessBase"]
[SourceDate "2019.07.15"]
[SourceVersion "1"]
[SourceVersionDate "2019.07.15"]
[SourceQuality "1"]

1. c4 Nf6 2. Nc3 g6 3. g3 Bg7 4. Bg2 0-0 5. Nf3 d6 6. 0-0 e5 7. d4 exd4 8. Nxd4 Nbd7 9. h3 Nc5 10. e4 Ne6 11. Nc2 c6 12. Be3 Qc7 13. Qd2 Rd8 14. Rad1 Ne8 15. f4 b6 16. g4 Bb7 17. g5 Bxc3 18. Qxc3 c5 19. Ne1 Qe7 20. Nd3 N6g7 21. Nf2 f5 22. Rfe1 fxe4 23. Bc1 Nf5 24. Nxe4 Qg7 25. Qxg7+ Kxg7 26. Nxc5 bxc5 27. Bxb7 Rab8 28. Be4 Nd4 29. b3 Nc7 30. Bb2 Nce6 31. Bd5 Nxf4 32. Rxd4 Nxh3+ 33. Kg2 cxd4 34. Bxd4+ Kf8 35. Rf1+ Ke8 36. Bc6+ Ke7 37. Bf6+ Ke6 38. Kxh3 Rf8 39. Kg3 d5 40. c5 Rxf6 41. gxf6 d4 42. f7 Rf8 43. Be8 Kd5 44. c6 1-0

[Event "COL-ch sf1"]
[Site "Medellin"]
[Date "2019.04.16"]
[Round "1"]
[White "Montenegro, Heidy"]
[Black "Rodriguez Velasco, German Enrique"]
[Result "1/2-1/2"]
[WhiteElo "1684"]
[BlackElo "2125"]
[PlyCount "78"]
[EventDate "2019.04.16"]
[EventType "swiss"]
[EventRounds "10"]
[EventCountry "COL"]
[SourceTitle "CBM 190 Extra"]
[Source "ChessBase"]
[SourceDate "2019.07.15"]
[SourceVersion "1"]
[SourceVersionDate "2019.07.15"]
[SourceQuality "1"]

1. d4 Nf6 2. e3 d5 3. Nf3 c5 4. b3 Nc6 5. Bb2 Bf5 6. Bd3 Bg4 7. Nbd2 e6 8. Be2 Be7 9. 0-0 0-0 10. Ne5 Bxe2 11. Qxe2 Rc8 12. c4 cxd4 13. Nxc6 bxc6 14. Bxd4 Qa5 15. Nf3 Rfd8 16. Rac1 c5 17. Ba1 Ne4 18. Rc2 Bf6 19. Bxf6 Nxf6 20. h3 Rd6 21. Ne5 Ne4 22. cxd5 exd5 23. Rfc1 Qb6 24. Qg4 Rcd8 25. Nd3 Rg6 26. Qe2 Qa6 27. Nf4 Qxe2 28. Nxe2 d4 29. exd4 cxd4 30. Nxd4 h6 31. Nf3 Rgd6 32. Re1 f5 33. Ree2 Rd1+ 34. Kh2 R8d7 35. Nh4 Nd2 36. g3 g5 37. Rc8+ Kh7 38. Nxf5 Nf3+ 39. Kg2 Ne1+ 1/2-1/2

[Event "COL-ch (Women)"]
[Site "Bogota"]
[Date "2018.11.08"]
[Round "4"]
[White "Montenegro, Heidy"]
[Black "Rivera, Ingris"]
[Result "0-1"]
[WhiteElo "1684"]
[BlackElo "2188"]
[PlyCount "116"]
[EventDate "2018.11.06"]
[EventType "swiss"]
[EventRounds "9"]
[EventCountry "COL"]
[SourceTitle "CBM 187 Extra"]
[Source "ChessBase"]
[SourceDate "2018.11.04"]
[SourceVersion "1"]
[SourceVersionDate "2018.11.04"]
[SourceQuality "1"]

1. d4 Nf6 2. Nf3 g6 3. e3 Bg7 4. b3 0-0 5. Bb2 d6 6. Be2 Bf5 7. 0-0 c5 8. c4 Nc6 9. a3 Ne4 10. Nc3 cxd4 11. exd4 Nxc3 12. Bxc3 d5 13. Re1 dxc4 14. Bxc4 Bg4 15. Be2 Rc8 16. Rc1 Be6 17. b4 a6 18. Qd2 Bd5 19. Bb2 e6 20. Qf4 Qf6 21. Qxf6 Bxf6 22. Ne5 Bg5 23. Nxc6 Bxc6 24. Rc2 Ba4 25. Rxc8 Rxc8 26. Bd3 Bd2 27. Re2 Bc1 28. f3 Bxb2 29. Rxb2 Rc3 30. Be4 Bc6 31. Rc2 Rxc2 32. Bxc2 Kf8 33. Kf2 Ke7 34. Ke3 Kd6 35. Be4 Bd5 36. Kd3 f5 37. Bxd5 Kxd5 38. a4 g5 39. g3 b6 40. h3 b5 41. a5 h5 42. g4 fxg4 43. fxg4 h4 44. Ke3 Kc4 45. Ke4 Kxb4 46. Ke5 Kc4 47. Kxe6 Kxd4 48. Kf5 b4 49. Kxg5 b3 50. Kh6 b2 51. g5 b1Q 52. g6 Qc1+ 53. Kh7 Qg5 54. g7 Qh5+ 55. Kg8 Qxa5 56. Kh7 Qh5+ 57. Kg8 Ke5 58. Kf8 Kf6 0-1

[Event "COL-ch (Women)"]
[Site "Bogota"]
[Date "2018.11.07"]
[Round "2"]
[White "Montenegro, Heidy"]
[Black "Cardona Martinez, Lina Sofia"]
[Result "1/2-1/2"]
[WhiteElo "1684"]
[BlackElo "1845"]
[PlyCount "130"]
[EventDate "2018.11.06"]
[EventType "swiss"]
[EventRounds "9"]
[EventCountry "COL"]
[SourceTitle "CBM 187 Extra"]
[Source "ChessBase"]
[SourceDate "2018.11.04"]
[SourceVersion "1"]
[SourceVersionDate "2018.11.04"]
[SourceQuality "1"]

1. d4 Nf6 2. Nf3 g6 3. b3 Bg7 4. Bb2 0-0 5. e3 d6 6. Nbd2 Nbd7 7. Bd3 Re8 8. e4 e5 9. dxe5 dxe5 10. 0-0 Nh5 11. g3 Nc5 12. Be2 Bd7 13. Nh4 Nf6 14. f3 Bc6 15. Nc4 Nfd7 16. Na5 Qf6 17. Nxc6 Qxc6 18. a4 a6 19. Bc4 Nb6 20. Qe2 Ne6 21. Bxe6 Rxe6 22. Rad1 Rd6 23. Rxd6 Qxd6 24. Rd1 Qc5+ 25. Qf2 Qe7 26. Qd2 Re8 27. Bc3 Bf6 28. Bb4 Qe6 29. Ng2 Rd8 30. Qe2 Rxd1+ 31. Qxd1 Qc6 32. Qd3 Nd7 33. Kf1 Nc5 34. Qd5 Qxd5 35. exd5 Nd7 36. Ke2 Nb6 37. c4 Bg5 38. Bd2 Be7 39. Kd3 Nd7 40. b4 f6 41. c5 b6 42. c6 Nf8 43. f4 Kf7 44. fxe5 fxe5 45. h4 h5 46. Bc3 Bd6 47. Ke4 Nh7 48. Bxe5 Bxb4 49. Bxc7 Nf6+ 50. Kd4 Bc5+ 51. Kc4 Ne8 52. Be5 Nd6+ 53. Kd3 b5 54. c7 Nc8 55. axb5 axb5 56. Ne3 Ke7 57. Nc2 Bd6 58. Kd4 Kd7 59. Bxd6 Nxd6 60. Kc5 Kxc7 61. Nd4 Ne4+ 62. Kxb5 Kd6 63. Kc4 Nd2+ 64. Kd3 Kxd5 65. Ne2 Ne4 1/2-1/2

[Event "COL-ch sf 2nd"]
[Site "Tunja"]
[Date "2018.04.21"]
[Round "9"]
[White "Norena Marin, Jeronimo"]
[Black "Montenegro, Heidy"]
[Result "0-1"]
[WhiteElo "1371"]
[BlackElo "1721"]
[PlyCount "60"]
[EventDate "2018.04.17"]
[EventType "swiss"]
[EventRounds "10"]
[EventCountry "COL"]
[SourceTitle "CBM 184 Extra"]
[Source "ChessBase"]
[SourceDate "2018.06.28"]
[SourceVersion "1"]
[SourceVersionDate "2018.06.28"]
[SourceQuality "1"]

1. e4 c5 2. Nf3 d6 3. Nc3 Nf6 4. Bc4 e6 5. 0-0 Be7 6. d4 cxd4 7. Nxd4 a6 8. Nf3 b5 9. Bd3 Nc6 10. Be3 Bb7 11. Qd2 0-0 12. a4 b4 13. Na2 a5 14. c3 d5 15. e5 Ne4 16. Qc2 bxc3 17. Nxc3 Nb4 18. Qb1 Nxd3 19. Qxd3 Nxc3 20. Qxc3 Bb4 21. Qd4 Qd7 22. Qg4 Ba6 23. Bh6 f5 24. exf6 Rxf6 25. Ne5 Qb7 26. Bg5 Raf8 27. Rfc1 Rf5 28. Nc6 Bd6 29. Nd8 Qb6 30. Bh6 Qxf2+ 0-1

[Event "COL-ch sf 2nd"]
[Site "Tunja"]
[Date "2018.04.17"]
[Round "1"]
[White "Escobar Medina, Andres F"]
[Black "Montenegro, Heidy"]
[Result "1-0"]
[WhiteElo "2281"]
[BlackElo "1721"]
[PlyCount "61"]
[EventDate "2018.04.17"]
[EventType "swiss"]
[EventRounds "10"]
[EventCountry "COL"]
[SourceTitle "CBM 184 Extra"]
[Source "ChessBase"]
[SourceDate "2018.06.28"]
[SourceVersion "1"]
[SourceVersionDate "2018.06.28"]
[SourceQuality "1"]

1. e4 Nc6 2. d4 d6 3. Nf3 e6 4. c4 b6 5. Nc3 Bb7 6. d5 Ne5 7. Nxe5 dxe5 8. Qh5 Qf6 9. Be2 g6 10. Qh3 a6 11. Be3 Bb4 12. 0-0 Bxc3 13. bxc3 exd5 14. cxd5 Ne7 15. f4 0-0 16. Qg3 exf4 17. Bxf4 Qg7 18. Bxc7 b5 19. Bb6 Rac8 20. Bd4 f6 21. Bg4 Rc4 22. Be6+ Kh8 23. d6 Rxd4 24. cxd4 Nc6 25. Qe3 Nd8 26. d5 Re8 27. d7 Re7 28. Qb6 Qf8 29. Rxf6 Qxf6 30. Qxd8+ Kg7 31. Rf1 1-0

[Event "COL-ch (Women)"]
[Site "Quibdo"]
[Date "2015.11.10"]
[Round "2"]
[White "Ortega Barros, Lizeth Carolina"]
[Black "Montenegro, Heidy"]
[Result "0-1"]
[WhiteElo "1455"]
[BlackElo "1764"]
[PlyCount "72"]
[EventDate "2015.11.10"]
[EventType "swiss"]
[EventRounds "9"]
[EventCountry "COL"]
[SourceTitle "CBM 169 Extra"]
[Source "ChessBase"]
[SourceDate "2015.12.18"]
[SourceVersion "1"]
[SourceVersionDate "2015.12.18"]
[SourceQuality "1"]

1. e4 g6 2. Nf3 Bg7 3. Bc4 Nc6 4. d3 d6 5. Be3 Bg4 6. h3 Bxf3 7. Qxf3 Ne5 8. Qe2 Nxc4 9. dxc4 Bxb2 10. 0-0 Bxa1 11. Nd2 Bg7 12. c5 c6 13. Nb3 Nf6 14. Rd1 0-0 15. f4 Nxe4 16. Rd3 Qc7 17. Qf3 Nxc5 18. Nxc5 dxc5 19. Qg4 Bd4 20. Bxd4 cxd4 21. Rxd4 Rfd8 22. Re4 f5 23. Qf3 fxe4 24. Qxe4 Qd6 25. Qc4+ Qd5 26. Qb4 Qd4+ 27. Qxd4 Rxd4 28. Kf2 Rf8 29. Ke3 Rfxf4 30. g3 Rfe4+ 31. Kf3 Re6 32. c3 Rd3+ 33. Kf2 Rde3 34. c4 g5 35. g4 Re2+ 36. Kf3 R6e3# 0-1

[Event "COL-ch rapid (Women)"]
[Site "Quibdo"]
[Date "2015.11.09"]
[Round "3"]
[White "Montenegro, Heidy"]
[Black "Chirivi Castiblanco, Jenny Astrid"]
[Result "0-1"]
[WhiteElo "1838"]
[BlackElo "2119"]
[PlyCount "74"]
[EventDate "2015.11.09"]
[EventType "swiss (rapid)"]
[EventRounds "9"]
[EventCountry "COL"]
[SourceTitle "CBM 169 Extra"]
[Source "ChessBase"]
[SourceDate "2015.12.18"]
[SourceVersion "1"]
[SourceVersionDate "2015.12.18"]
[SourceQuality "1"]

1. d4 d5 2. e3 c5 3. c4 Nf6 4. Nc3 cxd4 5. exd4 Nc6 6. c5 g6 7. Be3 Bg7 8. Bb5 0-0 9. Nf3 Ne4 10. 0-0 Bg4 11. h3 Bxf3 12. Qxf3 Nxd4 13. Bxd4 Bxd4 14. Nxe4 dxe4 15. Qxe4 Bxc5 16. b3 Qb6 17. Bc4 Rad8 18. a4 Rd2 19. Qf3 e6 20. Rad1 Rfd8 21. Rxd2 Rxd2 22. Qf4 Qd8 23. Qe4 b6 24. Be2 a5 25. Qf3 Qd5 26. Qxd5 exd5 27. Bf3 Kg7 28. Bd1 Bxf2+ 29. Kh2 d4 30. Bf3 Be3 31. Rd1 Rb2 32. Rd3 h5 33. Kg3 Kh6 34. Bd5 f6 35. Bc4 g5 36. Bd5 f5 37. Bf3 Bf4# 0-1

[Event "COL-ch Amateur"]
[Site "Villavicencio"]
[Date "2015.02.20"]
[Round "5"]
[White "Jaramillo, Amparo"]
[Black "Montenegro, Heidy"]
[Result "0-1"]
[WhiteElo "1610"]
[BlackElo "1850"]
[PlyCount "105"]
[EventDate "2015.02.18"]
[EventType "swiss"]
[EventRounds "9"]
[EventCountry "COL"]
[SourceTitle "CBM 165 Extra"]
[Source "ChessBase"]
[SourceDate "2015.04.21"]
[SourceVersion "1"]
[SourceVersionDate "2015.04.21"]
[SourceQuality "1"]

1. d4 g6 2. e4 Bg7 3. Nf3 d6 4. c4 Nf6 5. Nc3 0-0 6. h3 Nc6 7. Be3 e5 8. d5 Ne7 9. Qd2 Ne8 10. Bh6 f5 11. Bxg7 Kxg7 12. Bd3 f4 13. 0-0-0 c6 14. h4 h5 15. Rdf1 cxd5 16. exd5 Qa5 17. g3 Bf5 18. Bxf5 Rxf5 19. a3 Nc7 20. Ne4 Qxd2+ 21. Kxd2 fxg3 22. fxg3 Raf8 23. Ke3 Nc8 24. Rhg1 Ne8 25. g4 hxg4 26. Rxg4 Nf6 27. Rgg1 Nxe4 28. Kxe4 Ne7 29. Nd2 Rxf1 30. Nxf1 Rf4+ 31. Kd3 Rxh4 32. b3 Nf5 33. a4 Kh6 34. b4 g5 35. Ng3 Rd4+ 36. Kc3 Nxg3 37. Rxg3 Kg6 38. b5 Kf5 39. a5 Kg6 40. b6 a6 41. Rh3 Rh4 42. Rd3 Kf5 43. c5 dxc5 44. d6 Rh8 45. d7 Rd8 46. Kc4 Ke6 47. Kxc5 Rxd7 48. Rg3 Rd5+ 49. Kb4 Kf5 50. Rc3 Rd7 51. Rc7 Ke6 52. Rc3 Rd4+ 53. Kc5 0-1

[Event "Puerto Boyaca op (Women)"]
[Site "Puerto Boyaca"]
[Date "2012.04.28"]
[Round "5"]
[White "Rosado Perez, Maria Jose"]
[Black "Montenegro, Heidy"]
[Result "0-1"]
[WhiteElo "1872"]
[BlackElo "1636"]
[PlyCount "86"]
[EventDate "2012.04.26"]
[EventType "swiss"]
[EventRounds "9"]
[EventCountry "COL"]
[SourceTitle "CBM 148 Extra"]
[Source "ChessBase"]
[SourceDate "2012.06.22"]
[SourceVersion "1"]
[SourceVersionDate "2012.06.22"]
[SourceQuality "1"]

1. e4 c5 2. Nf3 d6 3. d4 cxd4 4. Nxd4 Nf6 5. Nc3 a6 6. f3 g6 7. Be3 Bg7 8. Qd2 Nc6 9. 0-0-0 Bd7 10. g4 0-0 11. h4 Ne5 12. Be2 Rc8 13. h5 Re8 14. hxg6 fxg6 15. g5 Nh5 16. f4 Ng4 17. Rdg1 Nxe3 18. Qxe3 Bxd4 19. Qxd4 Nxf4 20. Bc4+ Be6 21. Bxe6+ Nxe6 22. Qd5 Qd7 23. e5 Rc5 24. Qd3 Rxe5 25. Qh3 Nf8 26. Qh6 e6 27. Re1 Rxe1+ 28. Rxe1 d5 29. a3 Rc8 30. Rd1 Qg7 31. Qh3 Rc5 32. Qe3 d4 33. Rxd4 Rxg5 34. Rd8 Re5 35. Qf4 Rf5 36. Qc4 Qf7 37. Ne4 Rf1+ 38. Kd2 Qf4+ 39. Kc3 Qe5+ 40. Kb3 Qb5+ 41. Qxb5 axb5 42. Nc5 h5 43. Nxe6 h4 0-1